Statistics for Capitals Of Latin America - With Pictures

Click here to take the quiz!

General Stats

  • This quiz has been taken 13 times
  • The average score is 17 of 34

Answer Stats

Answer% Correct
Brasilia
100%
Buenos Aires
100%
La Paz
100%
Santiago
100%
Lima
91%
Asunción
82%
Bogota
82%
Havana
82%
Panama City
82%
Mexico City
73%
Montevideo
73%
Quito
73%
Guatemala City
64%
Managua
55%
San Jose
55%
Santo Domingo
55%
Georgetown
45%
Paramaribo
45%
Nassau
36%
Port-au-Prince
36%
San Salvador
36%
Tegucigalpa
36%
Caracas
27%
Kingston
27%
Roseau
27%
Belmopan
18%
Bridgetown
18%
Castries
18%
Kingstown
18%
Port of Spain
18%
Saint John's
18%
St. George's
18%
Sucre
18%
Basseterre
9%

Score Distribution

Percentile by Number Answered

Percent of People with Each Score

Your Score History

You have not taken this quiz